Statistics for Colman's Mustard Ingredients

Click here to take the quiz!

General Stats

  • This quiz has been taken 10 times
  • The average score is 3 of 8

Answer Stats

Mustard Ingredient% Correct
Mustard Flour
100%
Salt
83%
Sugar
50%
Water
50%
Citric Acid
33%
Wheat Flour
17%
Stabiliser
0%
Turmeric
0%

Score Distribution

Percentile by Number Answered

Percent of People with Each Score

Your Score History

You have not taken this quiz